000 00732nam a2200205Ii 4500
003 JO-AjNU
008 230605s9999||||xx |||||||||||||| ||und||
017 _a1983/11/562
040 _aJO-AjNU
_bara
_erda
_cJO-AjNU
041 _aara
050 1 4 _aPJ6161.A282 1984
100 3 _aحمدي أبو علي، محمد بركات,
_eauthor
_942537
245 0 0 _aفي الأدب والبيان
264 3 1 _aعمان: دار الفكر للنشر والتوزيع، 1984
300 _a200ص
336 _atext
_btxt
_2rdacontent
337 _aunmediated
_bn
_2rdamedia
338 _avolume
_bnc
_2rdacarrier
650 4 _aالأدب العربي-تاريخ ونقد-العصر العباسي الثاني-النثر العربي
_942538
999 _aA18221
_c21789
_d21789